000
00224nam a22000857a 4500
008
170603b xxu||||| |||| 00| 0 eng d
100
_9
3237
_a
Shastri, C
245
_a
The Best of Akbar & Birbal
260
_a
New Delhi
_b
Devamala Books
999
_c
6551
_d
6551